000 00583nam a22002417a 4500
003 UA-OsUOA
001 36416
007 ta
008 20060920b un ||||| |||| 00| 0 ukr d
100 _aMeikar Silver
090 _a94(477).14
942 _cBK
040 _aUA-OsUOA
_best
_cUA-OsUOA
_dUA-OsUOA
245 _aOranzi revolutsiooni paevik
300 _a54 с.
955 _a1
041 _aest
080 _a94(477).14
020 _a9949-415-47-0
260 _aTallinn
_bArgo
_c2006
650 7 _a9 Географія. Біографії. Історія
_2UDC
999 _c423906
_d423906